Normal view
MARC view
- Branes G.E
Entry Personal Name
001 - CONTROL NUMBER
- control field: 42474
003 - CONTROL NUMBER IDENTIFIER
- control field: NUST
005 - DATE AND TIME OF LATEST TRANSACTION
- control field: 20210314132322.0
008 - FIXED-LENGTH DATA ELEMENTS
- fixed length control field: 210314|| aca||aabn | a|a d
040 ## - CATALOGING SOURCE
- Original cataloging agency: NUST
- Transcribing agency: NUST
100 ## - HEADING--PERSONAL NAME
- Personal name: Branes G.E
670 ## - SOURCE DATA FOUND
- Source citation: Work cat.: (NUST): Branes G.E, Soil Mechanics principles and practice, c1995
